| 000 | 005630000a22002050004500 | ||
|---|---|---|---|
| 999 |
_c48725 _d48725 |
||
| 001 | 1565 | ||
| 003 | CO-MdFUSB | ||
| 005 | 20171115173352.0 | ||
| 008 | 171115b xxu||||| |||| 00| 0 eng d | ||
| 020 | _a978-958-30-0810-8 | ||
| 040 | _cCO-MdBIC | ||
| 082 | 0 | 4 | _a863C R728d |
| 100 | 1 | _aRosero, Evelio José | |
| 245 | 1 | 0 | _aLa duenda / Evelio José Rosero ; ilustraciones de Jairo Linares Landínez |
| 250 | _aEdición Mireya Fonseca Leal | ||
| 260 | _aBogotá : Panamericana editorial | ||
| 300 | _a80 P. | ||
| 650 | 1 | 4 | _aCuentos Colombianos |
| 942 | _cLGB | ||